| 000 | 01578nam a22003017a 4500 | ||
|---|---|---|---|
| 005 | 20160216020002.0 | ||
| 008 | 150320b2014 ck |||||r|||| 00| 0 eng d | ||
| 020 | _a9789588448640 | ||
| 040 |
_aCO-BoIAVH _cCO-BoIAVH |
||
| 041 | _aspa | ||
| 044 | _ack | ||
| 082 | 0 | 4 |
_a304.25 _bA22 |
| 245 | 0 | 0 |
_aAdaptación al cambio climático en ciudades costeras de Colombia: _bguía para la formulación de planes de adaptación. |
| 260 |
_aEschborn : _bNew York : _bDeutsche Gesellschaft für, _c2009. |
||
| 300 |
_a40 p. _bfotografías a color, tablas _c29 cm. |
||
| 490 |
_aPublicaciones Generales del Invemar _vNo. 65 |
||
| 504 | _aIncluye referencias bibliográficas (pag. 29) y anexos | ||
| 505 | _a1. Cambio climático 2. Planificación urbana, resiliencia y adaptación 3. Buenas prácticas en la adaptación al cambio climático | ||
| 520 | _aEsta guía s elabora como una herramienta de apoyo a los gobernadores locales y planificadores de las ciudades costeras para conocer las implicaciones que tendrá el cambio climático, entender los beneficios de la adaptación y emprender la tarea de identificación y puesta en marcha de las estrategias y acciones que se requieren para este proceso. | ||
| 650 | 0 |
_aCambio climático _xciudades costeras _933608 |
|
| 650 | 0 |
_aCambio climático _xAspectos ambientales _933609 |
|
| 650 | 0 |
_aCambio climático _xadaptación _933610 |
|
| 650 | 0 |
_aPlanificación urbana _916805 |
|
| 710 | 2 |
_aInvemar _93132 |
|
| 710 | 2 |
_aGrupo Laera _933611 |
|
| 710 | 2 |
_aClimate & Development Knowledge Network CDKN _933612 |
|
| 942 |
_2ddc _cLIBRO _02 |
||
| 999 |
_c9099 _d9099 |
||